<?xml version="1.0" encoding="UTF-8"?>
<record
    xmlns:xsi="http://www.w3.org/2001/XMLSchema-instance"
    xsi:schemaLocation="http://www.loc.gov/MARC21/slim http://www.loc.gov/standards/marcxml/schema/MARC21slim.xsd"
    xmlns="http://www.loc.gov/MARC21/slim">

  <leader>01688nam a22002777a 4500</leader>
  <controlfield tag="003">OSt</controlfield>
  <controlfield tag="005">20251103163721.0</controlfield>
  <controlfield tag="008">250910b        |||||||| |||| 00| 0 eng d</controlfield>
  <datafield tag="020" ind1=" " ind2=" ">
    <subfield code="a">1869-814X </subfield>
  </datafield>
  <datafield tag="020" ind1=" " ind2=" ">
    <subfield code="a">1869-8182</subfield>
  </datafield>
  <datafield tag="040" ind1=" " ind2=" ">
    <subfield code="a">English</subfield>
    <subfield code="c">tbs</subfield>
  </datafield>
  <datafield tag="041" ind1=" " ind2=" ">
    <subfield code="a">English</subfield>
  </datafield>
  <datafield tag="100" ind1=" " ind2=" ">
    <subfield code="a">Keller, Kevin Lane</subfield>
    <subfield code="d">1956-</subfield>
    <subfield code="9">2447</subfield>
  </datafield>
  <datafield tag="245" ind1=" " ind2=" ">
    <subfield code="a">Reflections on customer-based brand equity</subfield>
    <subfield code="c">/ Kevin Lane Keller</subfield>
    <subfield code="b">: perspectives, progress, and priorities</subfield>
  </datafield>
  <datafield tag="260" ind1=" " ind2=" ">
    <subfield code="b">AMS Review </subfield>
    <subfield code="c">2016</subfield>
  </datafield>
  <datafield tag="362" ind1=" " ind2=" ">
    <subfield code="a">AMS Review. Volume 6, pages 1&#x2013;16, (2016)</subfield>
  </datafield>
  <datafield tag="520" ind1=" " ind2=" ">
    <subfield code="a">&#x201C;Conceptualizing, Measuring, and Managing Customer-Based Brand Equity,&#x201D; published in the Journal of Marketing in 1993, was one of the early thought pieces and review papers on branding in the field. Written to be a comprehensive bridge between the theory and practice of branding, it has received a large number of citations and several awards through the years. Here, I look back at that article and provide some perspective as to how it was developed, highlighting some of its main contributions. I also outline some of my subsequent related branding research, as well as that of others. Finally, I consider some future research priorities in branding, putting emphasis on the online and digital developments that have occurred since the publication of the article.</subfield>
  </datafield>
  <datafield tag="653" ind1=" " ind2=" ">
    <subfield code="a">Consumer Behavior</subfield>
  </datafield>
  <datafield tag="653" ind1=" " ind2=" ">
    <subfield code="a">Historiography and Method</subfield>
  </datafield>
  <datafield tag="653" ind1=" " ind2=" ">
    <subfield code="a">Mixed Methods</subfield>
  </datafield>
  <datafield tag="653" ind1=" " ind2=" ">
    <subfield code="a">Research Methods in Language and Linguistics</subfield>
  </datafield>
  <datafield tag="653" ind1=" " ind2=" ">
    <subfield code="a">Survey Methodology</subfield>
  </datafield>
  <datafield tag="653" ind1=" " ind2=" ">
    <subfield code="a">Market Research and Competitive Intelligence</subfield>
  </datafield>
  <datafield tag="856" ind1=" " ind2=" ">
    <subfield code="u">https://link-springer-com.hub.tbs-education.fr/article/10.1007/s13162-016-0078-z</subfield>
  </datafield>
  <datafield tag="942" ind1=" " ind2=" ">
    <subfield code="2">lcc</subfield>
  </datafield>
  <datafield tag="952" ind1=" " ind2=" ">
    <subfield code="0">0</subfield>
    <subfield code="1">0</subfield>
    <subfield code="2">lcc</subfield>
    <subfield code="4">0</subfield>
    <subfield code="7">0</subfield>
    <subfield code="a">TBS</subfield>
    <subfield code="b">TBS</subfield>
    <subfield code="d">2025-11-03</subfield>
    <subfield code="l">0</subfield>
    <subfield code="r">2025-11-03</subfield>
    <subfield code="u">https://link-springer-com.hub.tbs-education.fr/article/10.1007/s13162-016-0078-z</subfield>
    <subfield code="w">2025-11-03</subfield>
    <subfield code="y">ARTICLE</subfield>
  </datafield>
  <datafield tag="999" ind1=" " ind2=" ">
    <subfield code="c">5136</subfield>
    <subfield code="d">5136</subfield>
  </datafield>
</record>
